| 000 | 00470nam a22001697a 4500 | ||
|---|---|---|---|
| 003 | CEME | ||
| 005 | 20210628202312.0 | ||
| 008 | 210302b xxu||||| |||| 00| 0 eng d | ||
| 040 | _c. | ||
| 082 | _a297.63 ABD | ||
| 100 |
_a Abdul Diam Diam, Qazi _959243 |
||
| 245 | _aSyed ul wara, jan -e-do alam salal allah ho elahee wasalam | ||
| 250 | _a2 VOLS | ||
| 260 |
_aLAHORE _bALFAISAL PUBLISHER _c1999 |
||
| 650 |
_aISLAM-BIOGRAPHY-SYED UL WARA _959244 |
||
| 942 |
_cBK _2ddc |
||
| 999 |
_c569267 _d569267 |
||